Á lódáil...

KALIKA

Sonraí Bibleagrafaíochta
Príomhúdar: MOHANACHANDRAN
Formáid: Printed Book
Foilsithe: Thrissur CURRENT BOOKS
Ábhair:
LEADER 00417nam a2200169 4500
020
082 |a 894.8123 MOH 
100 |a MOHANACHANDRAN 
245 |a KALIKA  |h English 
250
260 |a Thrissur  |b CURRENT BOOKS 
300
650 |a KALIKA 
700
942 |c BK 
999 |c 151190  |d 151190 
952 |0 0  |1 0  |4 0  |6 894_812300000000000_MOH  |7 0  |9 164650  |a ORI  |b ORI  |l 0  |o 894.8123 MOH  |p ORI7015  |r 2019-10-25  |w 2019-10-25  |y BK